Visualizzazione normale
Vista MARC
- RELIGIOSO
di Topical Term
Records bibliografici associati: 1
001 - CONTROL NUMBER
- control field: 54989
003 - CONTROL NUMBER IDENTIFIER
- control field: IT-RoPau
005 - DATE AND TIME OF LATEST TRANSACTION
- control field: 20151204083715.0
008 - FIXED-LENGTH DATA ELEMENTS
- fixed length control field: 151204|| aca||aabn | a|a d
040 ## - CATALOGING SOURCE
- Original cataloging agency: IT-RoPau
- Transcribing agency: IT-RoPau
150 ## - HEADING--TOPICAL TERM
- Topical term or geographic name entry element: RELIGIOSO
- : TV-PROGRAMMI RELIGIOSI [VHS]
- General subdivision: Codice MATERIA SPICS: 9963
670 ## - SOURCE DATA FOUND
- Source citation: Work cat.: (IT-RoPau)108240: Lucker Michele Codice regista SPICS: 35342 54987, MESSE A MAGNY-LE-HONGRE: EGLISE STE GENEVIEVE-AVENT 91 (DIMANCHE 3.EME DE L'AVENT) MESSE A MAGNY-LE-HONGRE: EGLISE STE GENEVIEVE-AVENT 91 (DIMANCHE 3.EME DE L'AVENT) (Rif. Codice opera principale : A3993)